000 00725nam a2200253Ia 4500
003 OSt
005 20220928111720.0
006 a|||||r|||| 00| 0
007 ta
008 220927b |||||||| |||| 00| 0 hin d
020 _cINR 175.00
024 _a133548
037 _b0407, 15/03/2017, Bookwell Publications
_cTextual
040 _aSDCL
_cSDCL
_bhin
041 _2hin
_ahin
082 _aO152,3x, Q7 LR
100 _aCherungath Bindu
_9424715
245 0 _aMeri ananya
260 _aNew Delhi
_bVani
_c2017
300 _a94p.
_ccm.
650 _aReference
942 _hO152,3x, Q7 LR
_cTEXL
_2CC
999 _c741553
_d741553